LIBRARY & INFORMATION CENTRE, KCAET, TAVANUR

ONLINE PUBLIC ACCESS CATALOGUE (OPAC)

Short Russian referance grammer: with a chapter on pronunciation / (Record no. 5439)

MARC details
000 -LEADER
fixed length control field 00485cam a2200181ua 4500
041 ## - LANGUAGE CODE
Language code of text/sound track or separate title eng
082 ## - DEWEY DECIMAL CLASSIFICATION NUMBER
Classification number 491.75
Item number PUL/SH
100 ## - MAIN ENTRY--AUTHOR NAME
Personal name Pulkina, I M .
245 ## - TITLE STATEMENT
Title Short Russian referance grammer: with a chapter on pronunciation /
250 ## - EDITION STATEMENT
Edition statement 1 /
260 ## - PUBLICATION, DISTRIBUTION, ETC. (IMPRINT)
Place of publication Moscow :
Name of publisher Foreign Language Publishing House ,
Year of publication 1960.
300 ## - PHYSICAL DESCRIPTION
Number of Pages 267 ; .
942 ## - ADDED ENTRY ELEMENTS (KOHA)
Koha item type Books
Holdings
Withdrawn status Lost status Damaged status Home library Current library Date acquired Full call number Accession Number Koha item type
Withdrawn     KAUAET Sanskrit University 07/04/2012 491.75 9145 Books
free website counter